| 000 | 00360nam a2200133Ia 4500 | ||
|---|---|---|---|
| 008 | 220217s9999||||xx |||||||||||||| ||und|| | ||
| 020 | _a81-7141-671-3 | ||
| 082 | _a004 MAR | ||
| 100 |
_aJohn, Maria, S _93302 |
||
| 245 | 0 | _aInformation technology | |
| 260 |
_aDiscovery publishing house _bNew Delhi _c2003 |
||
| 300 | _b700 | ||
| 650 | _aCOMPUTER SCIENCE | ||
| 999 |
_c171329 _d171329 |
||